[Event "Quebec-ch classe"]
[Site "St-Jean CAN"]
[Date "2000.10.07"]
[Round "3"]
[White "Schleifer, Michael"]
[Black "Duong, Thanh Nha"]
[Result "0-1"]
[WhiteElo "2384"]
[BlackElo "2383"]
[PlyCount "66"]
[EventDate "2000.10.06"]
[EventType "swiss"]
[EventRounds "5"]
[EventCountry "CAN"]

1. d4 Nf6 2. c4 e6 3. Nc3 Bb4 4. Bg5 h6 5. Bh4 b6 6. Rc1 g5 7. Bg3 Ne4 8. e3
Bxc3+ 9. bxc3 Bb7 10. Nf3 d6 11. Nd2 Nxd2 12. Qxd2 Nd7 13. f3 f5 14. h4 Qf6 15.
Rb1 O-O-O 16. a4 a5 17. c5 dxc5 18. Bb5 c6 19. Bc4 Rhe8 20. O-O gxh4 21. Bh2 h3
22. gxh3 cxd4 23. cxd4 c5 24. Qf2 f4 25. dxc5 Ne5 26. Rxb6 Nxc4 27. Rxb7 Kxb7
28. Qc2 Rg8+ 29. Kh1 Qg6 30. Qb3+ Ka7 31. Rg1 Qd3 32. Qb5 Rxg1+ 33. Bxg1 Qf1
0-1

[Event "Quebec-ch classe"]
[Site "St-Jean CAN"]
[Date "2000.10.08"]
[Round "4"]
[White "Duong, Thanh Nha"]
[Black "Wojtkiewicz, Aleksander"]
[Result "0-1"]
[WhiteElo "2383"]
[BlackElo "2630"]
[PlyCount "80"]
[EventDate "2000.10.06"]
[EventType "swiss"]
[EventRounds "5"]
[EventCountry "CAN"]

1. d4 g6 2. c4 Bg7 3. e4 d6 4. Nc3 e5 5. d5 f5 6. exf5 gxf5 7. Nge2 Nf6 8. Ng3
O-O 9. Be2 f4 10. Nge4 Nxe4 11. Nxe4 Bf5 12. Bf3 Nd7 13. Qe2 Kh8 14. Bd2 Qe8
15. g4 Bg6 16. h4 a6 17. g5 Bxe4 18. Bxe4 Nc5 19. f3 b5 20. Bb4 Nxe4 21. Qxe4
bxc4 22. h5 Rg8 23. Kd2 h6 24. Rag1 Qb5 25. Bc3 Qc5 26. gxh6 Bxh6 27. Rg6 Qe3+
28. Qxe3 fxe3+ 29. Ke2 Rxg6 30. hxg6 Kg7 31. Rh4 Kxg6 32. Rxc4 Bf4 33. Rxc7 Rh8
34. Kd3 Rh3 35. Ke4 e2 36. Kd3 e4+ 37. Kxe4 Be5 38. Bd2 Rh1 39. Rc6 e1=Q+ 40.
Bxe1 Rxe1+ 0-1

[Event "Montreal International"]
[Site "Montreal CAN"]
[Date "2000.08.03"]
[Round "1"]
[White "Duong, Thanh Nha"]
[Black "Rozentalis, Eduardas"]
[Result "0-1"]
[WhiteElo "2380"]
[BlackElo "2570"]
[PlyCount "82"]
[EventDate "2000.08.03"]
[EventType "tourn"]
[EventRounds "11"]
[EventCountry "CAN"]

1. Nf3 Nf6 2. d4 b6 3. g3 Bb7 4. Bg2 c5 5. O-O cxd4 6. Qxd4 e6 7. c4 Nc6 8. Qf4
Be7 9. Nc3 O-O 10. Rd1 d6 11. b3 Qb8 12. Bb2 Rd8 13. e4 a6 14. Qe3 Qc7 15. Rac1
Ne5 16. Nd4 Bf8 17. h3 Re8 18. f4 Ned7 19. Nf3 Rad8 20. Kh2 Qb8 21. Nd2 d5 22.
exd5 exd5 23. Qg1 Nc5 24. Bf1 dxc4 25. Nxc4 Nxb3 26. Qxb6 Nxc1 27. Rxc1 Qc8 28.
Na4 Re6 29. Qf2 Qc6 30. Bg2 Qxg2+ 31. Qxg2 Bxg2 32. Kxg2 Ne4 33. Nc3 Nxc3 34.
Rxc3 Rc6 35. Ne5 Rd2+ 36. Kf3 Rxc3+ 37. Bxc3 Rxa2 38. Ke4 a5 39. Kd3 a4 40. Kc4
a3 41. f5 Rg2 0-1

[Event "Montreal International"]
[Site "Montreal CAN"]
[Date "2000.08.06"]
[Round "4"]
[White "Tyomkin, Dimitri"]
[Black "Duong, Thanh Nha"]
[Result "1/2-1/2"]
[WhiteElo "2522"]
[BlackElo "2380"]
[PlyCount "40"]
[EventDate "2000.08.03"]
[EventType "tourn"]
[EventRounds "11"]
[EventCountry "CAN"]

1. d4 f5 2. g3 e6 3. Bg2 d5 4. c4 c6 5. Qc2 Nf6 6. Nh3 Be7 7. O-O O-O 8. Nd2 a5
9. Nf3 Na6 10. a3 Nc7 11. Bf4 Ne4 12. Bxc7 Qxc7 13. Nf4 g5 14. Nd3 dxc4 15.
Nde5 c5 16. Nxc4 b5 17. Ncd2 Bb7 18. Nxe4 Bxe4 19. Qb3 c4 20. Qe3 Qb7 1/2-1/2

[Event "Montreal International"]
[Site "Montreal CAN"]
[Date "2000.08.07"]
[Round "5"]
[White "Duong, Thanh Nha"]
[Black "Lazarev, Vladimir"]
[Result "0-1"]
[WhiteElo "2380"]
[BlackElo "2478"]
[PlyCount "60"]
[EventDate "2000.08.03"]
[EventType "tourn"]
[EventRounds "11"]
[EventCountry "CAN"]

1. d4 Nf6 2. c4 c5 3. d5 b5 4. cxb5 a6 5. f3 e6 6. e4 exd5 7. exd5 Bd6 8. Na3
O-O 9. Ne2 Re8 10. Kf2 Bb7 11. Nc3 Be5 12. Bc4 d6 13. Nc2 Nbd7 14. bxa6 Bxa6
15. Bxa6 Rxa6 16. a3 Nb6 17. Re1 h6 18. g3 Qa8 19. Qd3 Rb8 20. Rd1 Na4 21. Nxa4
Rxa4 22. Rb1 c4 23. Qd2 c3 24. Qd3 cxb2 25. Be3 Ra5 26. Bd4 Rxd5 27. Qe3 Qa4
28. Nb4 Rxd4 29. Rxd4 Bxd4 30. Qxd4 Rxb4 0-1

[Event "Montreal International"]
[Site "Montreal CAN"]
[Date "2000.08.08"]
[Round "6"]
[White "Goldenberg, Danny"]
[Black "Duong, Thanh Nha"]
[Result "1-0"]
[WhiteElo "2310"]
[BlackElo "2380"]
[PlyCount "75"]
[EventDate "2000.08.03"]
[EventType "tourn"]
[EventRounds "11"]
[EventCountry "CAN"]

1. e4 c6 2. d4 g6 3. Nd2 Bg7 4. Ngf3 d5 5. h3 Nh6 6. Bd3 O-O 7. O-O f6 8. Re1
Nf7 9. c4 Na6 10. Qe2 e6 11. Nb3 Nc7 12. h4 Re8 13. h5 f5 14. hxg6 hxg6 15. e5
dxc4 16. Bxc4 Nd5 17. Bd2 a5 18. a4 b6 19. Rac1 Bb7 20. g3 Bf8 21. Nh4 Kg7 22.
Bd3 Be7 23. Nxg6 Kxg6 24. g4 Bg5 25. gxf5+ exf5 26. Bxf5+ Kg7 27. Qg4 Kf8 28.
f4 Bh6 29. Re2 Ne7 30. Be6 Bc8 31. f5 Bxd2 32. Rxd2 Nh6 33. Qh5 Nhxf5 34. Bxf5
Nxf5 35. Rxc6 Ra7 36. Rf6+ Kg8 37. Rg2+ Rg7 38. Qf7+ 1-0

[Event "Montreal International"]
[Site "Montreal CAN"]
[Date "2000.08.10"]
[Round "7"]
[White "Duong, Thanh Nha"]
[Black "Schleifer, Michael"]
[Result "1-0"]
[WhiteElo "2380"]
[BlackElo "2364"]
[PlyCount "99"]
[EventDate "2000.08.03"]
[EventType "tourn"]
[EventRounds "11"]
[EventCountry "CAN"]

1. b3 e5 2. Bb2 d6 3. e3 Be6 4. d4 f6 5. Qf3 c6 6. c4 Nh6 7. Nc3 Be7 8. d5 Bg4
9. Qe4 c5 10. Qc2 O-O 11. Bd3 f5 12. f3 e4 13. fxe4 Bg5 14. Nge2 Bxe3 15. Nd1
Bg5 16. O-O f4 17. e5 dxe5 18. Bxe5 Nd7 19. Bb2 f3 20. Ng3 fxg2 21. Rxf8+ Nxf8
22. Kxg2 Bxd1 23. Qxd1 Bf6 24. Rb1 Bxb2 25. Rxb2 Qg5 26. Re2 Ng4 27. Qe1 Nf6
28. Re5 Qf4 29. Qe3 Qxe3 30. Rxe3 Rd8 31. Bf5 Kf7 32. Kf3 g6 33. Be6+ Kg7 34.
Bh3 Kf7 35. Be6+ Kg7 36. Bh3 Kf7 37. Re5 Rd6 38. Bc8 b6 39. Bh3 N6d7 40. Re3
Nf6 41. Kf4 Rd8 42. Kg5 Ng8 43. Be6+ Nxe6+ 44. Rxe6 h6+ 45. Kf4 Ne7 46. Ke5 g5
47. Rxh6 Kg7 48. Re6 Ng6+ 49. Kf5 Nh4+ 50. Kxg5 1-0

[Event "Montreal International"]
[Site "Montreal CAN"]
[Date "2000.08.12"]
[Round "9"]
[White "Duong, Thanh Nha"]
[Black "Miladinovic, Igor"]
[Result "0-1"]
[WhiteElo "2380"]
[BlackElo "2563"]
[PlyCount "142"]
[EventDate "2000.08.03"]
[EventType "tourn"]
[EventRounds "11"]
[EventCountry "CAN"]

1. d4 d5 2. Nf3 Bf5 3. Bf4 e6 4. e3 Bd6 5. Bg3 Nf6 6. Bd3 Ne4 7. Nh4 c6 8. Nxf5
exf5 9. Bxd6 Nxd6 10. Nd2 Nd7 11. c4 dxc4 12. Nxc4 Nxc4 13. Bxc4 Nf6 14. O-O
O-O 15. g3 Qe7 16. Re1 Rad8 17. Qc2 Ne4 18. Bd3 h5 19. h4 g6 20. Rac1 Rd5 21.
Bc4 Rd6 22. Bd3 Nf6 23. b4 a6 24. Kg2 Nd5 25. a3 Rfd8 26. Bc4 Nf6 27. Be2 Kg7
28. Bd3 Ne4 29. Qe2 Re6 30. Bxe4 Rxe4 31. Qd2 Rd5 32. f3 Re6 33. Kf2 Qf6 34.
Rh1 b6 35. Rc3 Red6 36. Qc2 a5 37. f4 Re6 38. Rc1 Qe7 39. Qb2 axb4 40. axb4 Kh7
41. R1c2 Rb5 42. Qc1 Rxb4 43. Rxc6 Rxc6 44. Rxc6 Qe4 45. Rc2 b5 46. Rb2 Rc4 47.
Qb1 Qc6 48. Qd1 Rc1 49. Qb3 Kg7 50. d5 Qc5 51. Qd3 Rh1 52. Kf3 Qc1 53. Rf2 Qd1+
54. Qxd1 Rxd1 55. Rb2 Rxd5 56. Ke2 Kf6 57. Ra2 Ke6 58. Ra7 Rd7 59. Ra6+ Kd5 60.
Kd3 Kc5+ 61. Kc2 Kb4 62. Ra8 Rc7+ 63. Kb2 Kc4 64. Rd8 Re7 65. Rd4+ Kc5 66. Rd3
b4 67. Kb3 Ra7 68. Rd8 Ra3+ 69. Kc2 Rxe3 70. Rc8+ Kd4 71. Rb8 Rc3+ 0-1

[Event "Montreal International"]
[Site "Montreal CAN"]
[Date "2000.08.13"]
[Round "10"]
[White "Duong, Thanh Nha"]
[Black "Kogan, Artur"]
[Result "0-1"]
[WhiteElo "2380"]
[BlackElo "2504"]
[PlyCount "74"]
[EventDate "2000.08.03"]
[EventType "tourn"]
[EventRounds "11"]
[EventCountry "CAN"]

1. d4 Nf6 2. Nf3 c5 3. c3 b6 4. Bf4 Ba6 5. Nbd2 Nc6 6. Qa4 Qc8 7. a3 g6 8. e4
Bxf1 9. Kxf1 Bg7 10. g3 O-O 11. Kg2 Nh5 12. Be3 cxd4 13. Nxd4 Ne5 14. h3 Qb7
15. Kh2 Rac8 16. f4 Nd3 17. Qc2 Nc5 18. b4 Ne6 19. Qd3 Qc7 20. Nb5 Qb8 21. Rhg1
Rfd8 22. Rac1 a6 23. Nd4 b5 24. Ne2 Nf6 25. f5 Nf8 26. Bf4 d6 27. c4 bxc4 28.
Rxc4 Qb7 29. Rxc8 Rxc8 30. g4 e5 31. Bg5 N8d7 32. Bxf6 Nxf6 33. g5 Nh5 34. f6
Bf8 35. Rc1 Rd8 36. Qd5 Qa7 37. Kg2 Qe3 0-1

[Event "Montreal International"]
[Site "Montreal CAN"]
[Date "2000.08.14"]
[Round "11"]
[White "Smagin, Sergey"]
[Black "Duong, Thanh Nha"]
[Result "1-0"]
[WhiteElo "2605"]
[BlackElo "2380"]
[PlyCount "161"]
[EventDate "2000.08.03"]
[EventType "tourn"]
[EventRounds "11"]
[EventCountry "CAN"]

1. e4 e5 2. Nf3 Nc6 3. Bc4 Nf6 4. d3 Bc5 5. c3 d6 6. b4 Bb6 7. O-O O-O 8. Nbd2
Qe7 9. Bb3 a6 10. Nc4 Ba7 11. Bg5 h6 12. Bh4 Nd8 13. Ne3 c6 14. Kh1 Kh8 15. Nf5
Bxf5 16. exf5 g5 17. fxg6 fxg6 18. d4 e4 19. Nd2 g5 20. Bg3 Nf7 21. f3 e3 22.
Re1 Rae8 23. Re2 Nh5 24. Nf1 Nxg3+ 25. hxg3 d5 26. Rxe3 Qc7 27. Qd3 Rxe3 28.
Qxe3 Bb8 29. Qe6 Qd6 30. Re1 Nd8 31. Qe7 Rf7 32. Qe2 Qf8 33. Bc2 Bd6 34. Qd3
Qg8 35. Re3 Re7 36. Qf5 Qf7 37. Qg4 Ne6 38. Kg1 h5 39. Qf5 Qxf5 40. Bxf5 Ng7
41. Rxe7 Bxe7 42. Bc8 b6 43. Bxa6 c5 44. bxc5 bxc5 45. Bb7 cxd4 46. cxd4 Bf6
47. Kf2 Bxd4+ 48. Ke2 Nf5 49. Bxd5 Kg7 50. Kd3 Bf2 51. a4 Nxg3 52. Ne3 Kf6 53.
a5 Nf5 54. Nc4 Ne7 55. Ke4 Nc8 56. Bb7 Na7 57. Ne3 Ke6 58. Bd5+ Kf6 59. Bc4 Bg1
60. Nd5+ Kg6 61. a6 Bc5 62. Bb3 Nb5 63. Ba4 Na7 64. Be8+ Kh6 65. Ne3 Nc8 66.
Nf5+ Kh7 67. Bxh5 Nb6 68. Bf7 Nd7 69. Be6 Nb8 70. Bc4 Kg6 71. Bb5 Kf6 72. g4
Ke6 73. Nd4+ Kf6 74. Kd5 Ba7 75. Ne2 Bb6 76. Nc3 Kg6 77. Ne4 Ba7 78. Ke6 Bd4
79. Nd6 Be3 80. Nc8 Nxa6 81. Bxa6 1-0

[Event "Quebec op"]
[Site "Montreal CAN"]
[Date "2000.07.23"]
[Round "3"]
[White "Gruzmann, Boris"]
[Black "Duong, Thanh Nha"]
[Result "0-1"]
[WhiteElo "2302"]
[BlackElo "2426"]
[PlyCount "78"]
[EventDate "2000.07.22"]
[EventType "swiss"]
[EventRounds "9"]
[EventCountry "CAN"]

1. e4 c6 2. d4 d5 3. e5 Bf5 4. h4 c5 5. dxc5 Nc6 6. Bb5 h5 7. Ne2 e6 8. Be3 Qc7
9. Bd4 Nh6 10. O-O Ng4 11. Bxc6+ bxc6 12. Ng3 Be7 13. Nxf5 exf5 14. Qd3 O-O 15.
g3 g6 16. Re1 f6 17. exf6 Bxf6 18. Bxf6 Nxf6 19. Nd2 Ne4 20. Nxe4 fxe4 21. Qd4
Rf3 22. Re3 Raf8 23. Rxf3 Rxf3 24. Kg2 Qf7 25. Qd2 Qf6 26. c3 Rd3 27. Qe2 Qe7
28. Rd1 Rf3 29. c4 Qxc5 30. cxd5 cxd5 31. Qd2 Rd3 32. Qe2 Rf3 33. b4 Qc6 34.
Qb2 Rc3 35. Rxd5 e3 36. Kh2 Rc2 37. Rd8+ Kf7 38. Qb3+ Ke7 39. Qd5 Rxf2+ 0-1

[Event "Quebec op"]
[Site "Montreal CAN"]
[Date "2000.07.24"]
[Round "4"]
[White "Tyomkin, Dimitri"]
[Black "Duong, Thanh Nha"]
[Result "1-0"]
[WhiteElo "2513"]
[BlackElo "2426"]
[PlyCount "75"]
[EventDate "2000.07.22"]
[EventType "swiss"]
[EventRounds "9"]
[EventCountry "CAN"]

1. d4 Nf6 2. Nf3 b6 3. Bg5 Bb7 4. Bxf6 exf6 5. e3 d5 6. Be2 Bd6 7. O-O O-O 8.
c4 dxc4 9. Bxc4 Nd7 10. Nc3 a6 11. Rc1 c5 12. dxc5 Nxc5 13. Bd5 Bxd5 14. Nxd5
Ra7 15. b4 Ne6 16. Qb3 Rd7 17. Rfd1 a5 18. a3 b5 19. Rd3 axb4 20. axb4 Qb8 21.
Rcd1 Kh8 22. g3 Rfd8 23. Nc3 Qb7 24. Qd5 Qxd5 25. Rxd5 Nc7 26. R5d3 Kg8 27. Ne4
Ne8 28. Rd5 f5 29. Nc5 Rc7 30. Nd4 Nf6 31. Rxf5 Bxc5 32. Rxc5 Rxc5 33. bxc5 Ne4
34. c6 Nc3 35. Rd3 b4 36. c7 Re8 37. Nc6 Nb5 38. c8=Q 1-0

[Event "Quebec op"]
[Site "Montreal CAN"]
[Date "2000.07.25"]
[Round "5"]
[White "Duong, Thanh Nha"]
[Black "Raheb, David"]
[Result "1-0"]
[WhiteElo "2426"]
[BlackElo "2098"]
[PlyCount "49"]
[EventDate "2000.07.22"]
[EventType "swiss"]
[EventRounds "9"]
[EventCountry "CAN"]

1. d4 Nf6 2. c4 e6 3. Nc3 Bb4 4. Nf3 b6 5. Bg5 Bb7 6. e3 d6 7. Bd3 Bxc3+ 8.
bxc3 Nbd7 9. O-O O-O 10. Nd2 Qe8 11. f4 e5 12. fxe5 dxe5 13. Bxf6 Nxf6 14. Rxf6
e4 15. Nxe4 Bxe4 16. Rf4 Bb7 17. e4 Rd8 18. e5 f6 19. Rh4 g6 20. Qd2 fxe5 21.
Re1 Qe7 22. Rg4 Qd7 23. Qg5 exd4 24. Bxg6 Kh8 25. Re7 1-0

[Event "Quebec op"]
[Site "Montreal CAN"]
[Date "2000.07.26"]
[Round "6"]
[White "Duong, Thanh Nha"]
[Black "Morin, Yves"]
[Result "1-0"]
[WhiteElo "2426"]
[BlackElo "2267"]
[PlyCount "71"]
[EventDate "2000.07.22"]
[EventType "swiss"]
[EventRounds "9"]
[EventCountry "CAN"]

1. d4 Nf6 2. c4 e6 3. Nf3 Bb4+ 4. Nc3 O-O 5. Bg5 d5 6. e3 Nbd7 7. Bd3 c5 8.
cxd5 exd5 9. O-O Qa5 10. Rc1 Bxc3 11. Rxc3 Ne4 12. Ra3 Qb6 13. Be7 Re8 14. Rb3
Qh6 15. Bxc5 Ndxc5 16. dxc5 Nxc5 17. Rc3 Ne4 18. Rc7 Qb6 19. Qc2 Bg4 20. Bxe4
dxe4 21. Ng5 Rac8 22. Rxc8 Bxc8 23. Rc1 Bf5 24. Qa4 Rd8 25. g4 Qg6 26. h4 Bxg4
27. Qxe4 Bf5 28. Qe7 Rf8 29. Rd1 Bd3 30. e4 h6 31. Rxd3 hxg5 32. hxg5 Rc8 33.
Kg2 Qa6 34. Qd7 Rc1 35. a3 Qb6 36. Qe8+ 1-0

[Event "Quebec op"]
[Site "Montreal CAN"]
[Date "2000.07.27"]
[Round "7"]
[White "Kurenkov, Nikolai"]
[Black "Duong, Thanh Nha"]
[Result "1-0"]
[WhiteElo "2329"]
[BlackElo "2426"]
[PlyCount "77"]
[EventDate "2000.07.22"]
[EventType "swiss"]
[EventRounds "9"]
[EventCountry "CAN"]

1. e4 c6 2. d4 d5 3. Nd2 dxe4 4. Nxe4 Nf6 5. Nxf6+ gxf6 6. Ne2 Bf5 7. Ng3 Bg6
8. Bc4 Nd7 9. O-O e6 10. c3 Qc7 11. Qf3 Bd6 12. Bh6 Rg8 13. a4 a5 14. Rfe1
O-O-O 15. b4 axb4 16. a5 b5 17. axb6 Nxb6 18. Ba6+ Kd7 19. c4 c5 20. dxc5 Bxc5
21. Qxf6 Bd6 22. Red1 Ke8 23. Bb5+ Nd7 24. Bg5 Rb8 25. c5 Rxb5 26. cxd6 Nxf6
27. dxc7 Ke7 28. Bxf6+ Kxf6 29. Rd8 Rc5 30. Rxg8 Rxc7 31. Rb8 Rc4 32. Nf1 Rd4
33. Ne3 e5 34. Rxb4 Rd2 35. f4 exf4 36. Rxf4+ Kg5 37. Raf1 Re2 38. Nf5 Ra2 39.
Nd6 1-0

[Event "Quebec op"]
[Site "Montreal CAN"]
[Date "2000.07.26"]
[Round "8"]
[White "Duong, Thanh Nha"]
[Black "Berezovich, Mikhail"]
[Result "1/2-1/2"]
[WhiteElo "2426"]
[BlackElo "2164"]
[PlyCount "100"]
[EventDate "2000.07.22"]
[EventType "swiss"]
[EventRounds "9"]
[EventCountry "CAN"]

1. d4 Nf6 2. c4 g6 3. Nc3 Bg7 4. e4 d6 5. Be2 O-O 6. Bg5 Na6 7. Nf3 Qe8 8. O-O
e5 9. d5 Nd7 10. Nd2 f6 11. Bh4 Bh6 12. a3 Ndc5 13. Nb3 f5 14. Nxc5 Nxc5 15.
exf5 Bxf5 16. g4 g5 17. gxf5 gxh4 18. b4 Nd7 19. Bd3 Nf6 20. Qf3 Qh5 21. Qxh5
Nxh5 22. Kh1 Nf6 23. Kg2 Kh8 24. Kf3 a6 25. Ra2 Rg8 26. h3 Nh5 27. Ne2 a5 28.
Rfa1 Bg7 29. Be4 Nf4 30. Nxf4 exf4 31. Rb1 axb4 32. Rxb4 b6 33. Kxf4 Bh6+ 34.
Kf3 Rg1 35. Rb1 Rxb1 36. Bxb1 Bg7 37. a4 Bf6 38. Bc2 Kg7 39. Ra3 Kf7 40. Be4
Ra5 41. Ke3 Ra8 42. Kd3 Be5 43. Kc2 Bd4 44. Kb3 Re8 45. Bf3 Re5 46. Bg4 Bxf2
47. Ra2 Bc5 48. a5 Re3+ 49. Kc2 bxa5 50. Rxa5 Re4 1/2-1/2

[Event "Quebec-ch"]
[Site "Montreal CAN"]
[Date "2000.06.10"]
[Round "1.1"]
[White "Duong, Thanh Nha"]
[Black "Desjardins, Andre"]
[Result "1/2-1/2"]
[WhiteElo "2443"]
[BlackElo "2210"]
[PlyCount "136"]
[EventDate "2000.06.10"]
[EventType "k.o."]
[EventRounds "3"]
[EventCountry "CAN"]

1. c4 g6 2. g3 Bg7 3. Bg2 c5 4. Nc3 Nc6 5. e3 e6 6. Nge2 Nge7 7. O-O O-O 8. d4
cxd4 9. Nxd4 Nxd4 10. exd4 d5 11. cxd5 Nxd5 12. Nxd5 exd5 13. Be3 Be6 14. Rc1
Qb6 15. b3 Rfc8 16. Qd2 Bf8 17. Qb2 Qa5 18. Rc5 Rxc5 19. dxc5 Bxc5 20. Bh6 Bf8
21. Bxf8 Rxf8 22. h4 Rc8 23. Rd1 h5 24. b4 Qa4 25. Rd2 Qc6 26. Qd4 Qc4 27. a3
Qxd4 28. Rxd4 Rc1+ 29. Kh2 Rc3 30. Bxd5 Bxd5 31. Rxd5 Rxa3 32. Rd7 b5 33. Rb7
a6 34. Rb6 Kf8 35. Kg2 Ke7 36. Kf1 Ra2 37. Kg2 Ra3 38. Kf1 Rb3 39. Rxa6 Rxb4
40. Ke2 Rb3 41. Rb6 b4 42. Kd2 Rb2+ 43. Ke3 b3 44. Kf3 Rb1 45. Ke2 b2 46. Kf3
Kd7 47. Kg2 f6 48. Rb4 Kd6 49. Rb6+ Kc5 50. Rb8 Kd4 51. Rd8+ Ke4 52. Re8+ Kf5
53. Rb8 g5 54. Rb5+ Ke4 55. Rb4+ Kd3 56. Rb8 g4 57. Rd8+ Kc3 58. Rc8+ Kd4 59.
Rd8+ Ke5 60. Re8+ Kd6 61. Rb8 f5 62. Rb3 Ke5 63. Rb5+ Ke4 64. Rb4+ Kd3 65. Rb8
f4 66. gxf4 Ke4 67. Rb4+ Kd3 68. Rb7 Ke4 1/2-1/2

[Event "Quebec-ch"]
[Site "Montreal CAN"]
[Date "2000.06.11"]
[Round "1.2"]
[White "Desjardins, Andre"]
[Black "Duong, Thanh Nha"]
[Result "1-0"]
[WhiteElo "2210"]
[BlackElo "2449"]
[PlyCount "107"]
[EventDate "2000.06.10"]
[EventType "k.o."]
[EventRounds "3"]
[EventCountry "CAN"]

1. e4 e5 2. Nf3 Nc6 3. Bb5 a6 4. Ba4 Nf6 5. O-O Be7 6. Re1 b5 7. Bb3 O-O 8. a4
Bb7 9. c3 d5 10. exd5 Nxd5 11. axb5 axb5 12. Rxa8 Bxa8 13. Na3 Bxa3 14. bxa3
Re8 15. Qe2 Nf4 16. Qxb5 Na7 17. Qf1 e4 18. d4 Nxg2 19. Ne5 Rxe5 20. dxe5 Nxe1
21. Qxe1 Nc6 22. Qd2 Qe7 23. Qd5 Bb7 24. e6 Nd8 25. exf7+ Kf8 26. Bg5 Bxd5 27.
Bxe7+ Kxe7 28. Bxd5 Nxf7 29. Bxe4 h6 30. f3 Kd6 31. Kf2 Kc5 32. Bd3 Ne5 33. Ke3
Kb6 34. Ke4 Nd7 35. Kd5 Nf8 36. h4 Ka5 37. Kc6 Ne6 38. Bc2 Nf4 39. Kxc7 Ng2 40.
h5 Nf4 41. Kd6 Nxh5 42. c4 Nf6 43. c5 h5 44. c6 Kb6 45. Bg6 h4 46. c7 Kb7 47.
Be4+ Nxe4+ 48. fxe4 Kc8 49. e5 h3 50. e6 h2 51. e7 h1=Q 52. e8=Q+ Kb7 53. c8=Q+
Kb6 54. Qc7+ 1-0

[Event "Pere Noel"]
[Site "Montreal CAN"]
[Date "1998.12.28"]
[Round "3"]
[White "Larochelle, Martial"]
[Black "Duong, Thanh Nha"]
[Result "1-0"]
[WhiteElo "2116"]
[BlackElo "2425"]
[PlyCount "77"]
[EventDate "1998.12.26"]
[EventType "swiss"]
[EventRounds "5"]
[EventCountry "CAN"]

1. e4 c6 2. d4 d5 3. Nc3 dxe4 4. Nxe4 Nf6 5. Nxf6+ gxf6 6. c3 Bf5 7. Nf3 e6 8.
g3 Nd7 9. Bg2 Bd6 10. O-O Qc7 11. Re1 O-O-O 12. b4 Nb6 13. a4 Nd5 14. Qb3 a5
15. bxa5 Qxa5 16. Bd2 Qb6 17. Qa2 Qa7 18. a5 Kd7 19. Qb3 Nc7 20. c4 h5 21. Nh4
Bh7 22. Be3 Qa6 23. d5 cxd5 24. cxd5 Rb8 25. Bf1 Qa8 26. Bb6 e5 27. Qf3 Ke7 28.
Rac1 Ne8 29. Qxh5 Kf8 30. Nf5 Bxf5 31. Qxh8+ Ke7 32. Qh5 Bd7 33. Qh4 Ng7 34.
Bc7 Bxc7 35. Rxc7 Qxa5 36. Rxe5+ Kd6 37. Qxf6+ Be6 38. dxe6 Qxe5 39. Rd7+ 1-0

[Event "Abitibi ch"]
[Site "Val D'Or CAN"]
[Date "1998.11.07"]
[Round "1"]
[White "Hua, Lefong"]
[Black "Duong, Thanh Nha"]
[Result "1-0"]
[WhiteElo "2270"]
[BlackElo "2435"]
[PlyCount "82"]
[EventDate "1998.11.06"]
[EventType "swiss"]
[EventRounds "5"]
[EventCountry "CAN"]

1. c4 Nf6 2. Nc3 g6 3. e4 d6 4. d4 Bg7 5. Nf3 O-O 6. Be2 e5 7. O-O Nbd7 8. Re1
c6 9. Bf1 Nh5 10. Bg5 f6 11. Be3 Qe8 12. d5 Qe7 13. dxc6 bxc6 14. Nb5 cxb5 15.
Qd5+ Kh8 16. Qxa8 Nb6 17. Bxb6 axb6 18. cxb5 f5 19. exf5 gxf5 20. Rac1 Bb7 21.
Qa7 Ra8 22. Qxa8+ Bxa8 23. Rc8+ Bf8 24. Rxa8 Nf4 25. Rc1 e4 26. Rcc8 exf3 27.
Rxf8+ Kg7 28. Rg8+ Kh6 29. gxf3 Ng6 30. f4 Qf7 31. Rgd8 Qe7 32. Re8 Qg7 33. Ra3
Nxf4+ 34. Rg3 Qxb2 35. Re7 Qd4 36. a4 Nh5 37. Re6+ Nf6 38. a5 Kh5 39. Rxf6 Qxf6
40. a6 f4 41. Rh3+ Kg5 1-0

[Event "Abitibi ch"]
[Site "Val D'Or CAN"]
[Date "1998.11.07"]
[Round "3"]
[White "Duong, Thanh Nha"]
[Black "Marineau, Remi"]
[Result "1-0"]
[WhiteElo "2435"]
[BlackElo "1810"]
[PlyCount "53"]
[EventDate "1998.11.06"]
[EventType "swiss"]
[EventRounds "5"]
[EventCountry "CAN"]

1. d4 d5 2. Nf3 e6 3. c4 c6 4. Nc3 dxc4 5. a4 Bb4 6. e4 b5 7. Bd2 a5 8. e5 Ne7
9. axb5 Bxc3 10. bxc3 cxb5 11. Ng5 Bb7 12. Qb1 Qd5 13. f3 f5 14. exf6 gxf6 15.
Ne4 O-O 16. Be2 e5 17. dxe5 Qxe5 18. O-O Bxe4 19. fxe4 Nd7 20. Bf4 Qc5+ 21. Kh1
Ng6 22. Bh6 Rfb8 23. Bg4 Ngf8 24. Qd1 Rd8 25. Bxd7 Rxd7 26. Qg4+ Ng6 27. Qxd7
1-0

[Event "Abitibi ch"]
[Site "Val D'Or CAN"]
[Date "1998.11.07"]
[Round "4"]
[White "Duong, Thanh Nha"]
[Black "Schleifer, Michael"]
[Result "1/2-1/2"]
[WhiteElo "2435"]
[BlackElo "2405"]
[PlyCount "125"]
[EventDate "1998.11.06"]
[EventType "swiss"]
[EventRounds "5"]
[EventCountry "CAN"]

1. d4 d5 2. c4 c6 3. cxd5 cxd5 4. Nc3 Nc6 5. Nf3 g6 6. Bf4 a6 7. e3 Nf6 8. h3
Bg7 9. Bd3 O-O 10. O-O b6 11. Rc1 Bb7 12. Qe2 b5 13. Rfd1 Rc8 14. a4 b4 15. Nb1
Qb6 16. Nbd2 Nd7 17. Nb3 Na5 18. Nxa5 Qxa5 19. b3 Rc3 20. Rxc3 bxc3 21. Qa2 Qb4
22. a5 Nb8 23. Ra1 Rc8 24. Ne1 e5 25. Bxe5 Bxe5 26. dxe5 Nc6 27. Nc2 Qc5 28.
Qa3 Qxa3 29. Rxa3 Nxe5 30. Be2 Nd7 31. Kf1 Kf8 32. f3 Ke7 33. b4 d4 34. exd4
Nf6 35. Bd3 Nd5 36. Be4 Kd6 37. g4 Rc7 38. g5 Bc8 39. h4 Nf4 40. b5 axb5 41. a6
Ra7 42. Nb4 c2 43. Rc3 Bxa6 44. Rc6+ Kd7 45. Rxc2 Bb7 46. Kf2 Ne6 47. Bxb7 Rxb7
48. Ke3 Ng7 49. Ke4 Nf5 50. Nd3 Kd6 51. Ne5 b4 52. Nc4+ Kd7 53. Ne5+ Kd6 54.
Nc4+ Ke7 55. Rb2 Rb5 56. Ne5 Ke6 57. Nd3 Nxh4 58. Rxb4 Rxg5 59. Rb6+ Ke7 60.
Rb7+ Kf8 61. Ne5 Rg1 62. Rxf7+ Kg8 63. Ra7 1/2-1/2

[Event "Quebec-ch classe"]
[Site "Beloeil CAN"]
[Date "1998.10.11"]
[Round "1"]
[White "Duong, Thanh Nha"]
[Black "Fortier, Marc-Andre"]
[Result "1-0"]
[WhiteElo "2424"]
[BlackElo "2040"]
[PlyCount "55"]
[EventDate "1998.10.11"]
[EventType "swiss"]
[EventRounds "5"]
[EventCountry "CAN"]

1. d4 Nf6 2. c4 g6 3. Nc3 Bg7 4. e4 d6 5. Be2 O-O 6. Bg5 Nbd7 7. h4 c5 8. d5 a6
9. a4 Qa5 10. Bd2 Ne5 11. Nh3 h5 12. O-O Qc7 13. f3 Bxh3 14. gxh3 Kh7 15. f4
Ned7 16. Kh1 Ng8 17. Rg1 Nh6 18. Bd3 e5 19. dxe6 fxe6 20. e5 Nf5 21. Qf3 dxe5
22. Qg2 Rf6 23. Ne4 Rg8 24. fxe5 Nxe5 25. Bf4 Nxh4 26. Nxf6+ Bxf6 27. Qe2 Nf5
28. Rae1 1-0

[Event "Quebec-ch classe"]
[Site "Beloeil CAN"]
[Date "1998.10.12"]
[Round "3"]
[White "Duong, Thanh Nha"]
[Black "Delebarre, Xavier"]
[Result "1-0"]
[WhiteElo "2424"]
[BlackElo "2265"]
[PlyCount "45"]
[EventDate "1998.10.11"]
[EventType "swiss"]
[EventRounds "5"]
[EventCountry "CAN"]

1. d4 c5 2. d5 d6 3. c4 g6 4. e4 Bg7 5. Bd3 Nf6 6. Ne2 O-O 7. Nbc3 Nbd7 8. f4
e6 9. dxe6 fxe6 10. O-O Qe7 11. Ng3 Ne8 12. Qe2 Nc7 13. Bd2 b6 14. Rae1 Rf7 15.
e5 dxe5 16. Nge4 exf4 17. Bxf4 Ne5 18. Bg5 Rxf1+ 19. Rxf1 Qd7 20. Rd1 Ne8 21.
Bc2 Qc7 22. Nb5 Qc6 23. Ned6 1-0